| 000 | 00452nam a2200193Ia 4500 | ||
|---|---|---|---|
| 003 | 0100 | ||
| 008 | 130227s9999 xx 000 0 und d | ||
| 040 | _cARRUPELIB | ||
| 050 | _aHB171.R845 1995 | ||
| 100 | _aRothbard, Murray N. | ||
| 245 | _aMaking economic sense | ||
| 260 | _aAlabama | ||
| 260 | _bLudwig von Mises Institute | ||
| 260 | _C1995 | ||
| 300 | _a439p. | ||
| 300 | _b 23cm. | ||
| 650 | _bJesus Christ - Passion | ||
| 942 |
_2lcc _01 |
||
| 999 |
_c4662 _d4662 |
||